200 Logos - Statistics

General Stats
  • This quiz has been taken 174 times
  • The average score is 120 of 200
Answer Stats
Picture Answer % Correct
Shell
94%
KFC
93%
Amazon
90%
Apple
90%
Monster
90%
Wiki
90%
Pepsi
86%
Pizza Hut
85%
BMW
83%
Google
83%
Mercedes
83%
Playstation
83%
Pringles
83%
Walt Disney
83%
FedEx
82%
Nike
82%
Xbox
82%
Facebook
81%
Firefox
81%
Lego
81%
NBA
81%
Red Bull
81%
Instagram
80%
McDonalds
80%
Snapchat
80%
Sprite
80%
Twitter
80%
Visa
80%
YouTube
80%
Doritos
79%
Netflix
79%
Starbucks
79%
Subway
79%
Coca- Cola
78%
Domino's
78%
Gmail
78%
IKEA
78%
Lays
78%
LG
78%
Nintendo
78%
Spotify
78%
Audi
77%
Burger King
77%
Fanta
77%
Puma
77%
Samsung
77%
Snickers
77%
Tesla
77%
TikTok
77%
Toyota
77%
WhatsApp
77%
Dove
76%
JetPunk
76%
Levis
76%
Mastercard
76%
Louis Vuitton
75%
Yahoo
75%
Chanel
74%
Dunkin' Donuts
74%
Playboy
74%
Skype
74%
7- Eleven
73%
Dell
73%
Gucci
73%
Monopoly
73%
Paypal
73%
Pinterest
73%
Wendy's
73%
BBC
72%
Marvel
72%
Nickelodeon
72%
Android
71%
Dolby
71%
LinkedIn
71%
Safari
71%
Twix
71%
Dreamworks
70%
iTunes
70%
Aldi
69%
Lacoste
69%
Pampers
69%
Gatorade
68%
Lipton
68%
New Balance
68%
Rolex
68%
UPS
68%
Kellogg's
67%
Mountain Dew
67%
Nestle
67%
Paramount
67%
Reddit
67%
BP
66%
Harley-Davidson
66%
Heineken
66%
Polo
66%
The North Face
65%
Tommy Hilfiger
65%
Walmart
65%
Air Jordan
64%
Beats
64%
Discord
64%
Excel
64%
Intel
63%
Michelin
63%
Reese's
63%
Adobe
62%
Airbnb
62%
Bic
62%
Internet Explorer
61%
NBC
60%
Nerf
60%
T- Mobile
60%
Chick-fil-A
59%
Goodyear
59%
IBM
59%
Krispy Kreme
59%
Converse
58%
New York Times
57%
American Airlines
56%
Best Buy
56%
Yamaha
56%
Costco
55%
Home Depot
55%
Lamborghini
55%
Mr. Clean
55%
TripAdvisor
55%
Chipotle
54%
Evian
54%
Mattel
54%
Blockbuster
53%
Cadbury
53%
Meta
53%
Fruit of the Loom
52%
John Deere
52%
Kodak
52%
Umbro
52%
Virgin
52%
Tiffany & Co.
51%
Arby's
50%
Firestone
50%
Hilton
50%
Kraft
50%
Tabasco
50%
Tide
50%
Wilson
50%
Baskin-Robbins
49%
SEAT
49%
Chips Ahoy!
48%
Old Spice
48%
AT&T
47%
Cheerios
47%
Hershey's
47%
Jif
47%
Sketchers
47%
Heinz
46%
Hermes
46%
Knorr
45%
Nescafe
45%
Unilever
45%
Dole
44%
CBS
42%
Qantas
42%
American Express
41%
Citi
41%
Verizon
41%
Bacardi
40%
Barclays
40%
ING
40%
Post-it
40%
Aquafina
39%
Lululemon
39%
Sephora
39%
Xerox
39%
Formula One
38%
Häagen-Dazs
38%
Clorox
34%
Uniqlo
34%
Gerber
33%
Tostitos
33%
Lowe's
32%
Klondike
31%
Hoover
30%
Quaker Oats
30%
Wonder Bread
30%
Swarovski
29%
Texas Instruments
29%
Yoplait
29%
Big Boy
28%
Chiquita
27%
General Mills
26%
Turkish Airlines
24%
AOL
23%
Fritos
23%
Porshe
23%
Fuji
21%
Little Debbie
20%
Little Ceaser's
19%
Morton's
17%
McCormick
13%
Arms & Hammer
5%
No matching quizzes found
Score Distribution
Percent of People with Each Score
Percentile by Number Answered
Your Score History
You have not taken this quiz